| 000 | 00803cab a2200217 4500 | ||
|---|---|---|---|
| 001 | ##L131596 | ||
| 008 | 051118n2005 000 0 eng u | ||
| 035 | _a(Sirsi) u131596 | ||
| 041 | 0 | _aeng | |
| 100 | 1 | _aJack,Simon | |
| 245 | 0 | 0 |
_aFocus _bindustrial and distribution |
| 260 | 3 | _c2005 | |
| 490 | 0 |
_aEstates Gazette _v(0545) 12 November 2005, 107-145(12) |
|
| 520 | _aCovers heavy investment by developers in speculative warehouses, provision of world-class distribution networks, the impact of further consolidation in the logistics industry on property requirements and a round-up of changes in logistics operations. | ||
| 590 | _aIKA221105 | ||
| 690 | _aPROPERTY-INDUSTRIAL PROPERTY | ||
| 700 | 1 | _aElghamry, Nadia | |
| 700 | 1 | _aAdshead, Antony | |
| 700 | 1 | _aCrawford, David | |
| 942 | _n0 | ||
| 999 |
_c76186 _d76186 |
||